000 00808cam a22002295a 4500
008 230506s2019 xxk f 000 0 eng d
020 _a9781783213443
041 0 _aeng
110 2 _aRoyal Institution of Chartered Surveyors
_94900
245 0 0 _aRICS Valuation Global Standards 2017 Jurisdiction Guide
_bUnited States
_h[electronic resource]
260 _aLondon,
_bRICS,
_c2019
300 _a18p.
490 0 _aRICS Jurisdiction Guide
490 0 _aRICS Red Book
590 _aNTK
650 2 4 _aRED BOOK
650 2 4 _aGLOBAL VALUATION STANDARDS 2017
651 4 _aUnited States
690 _aValuation
_96273
856 4 0 _uhttps://www.rics.org/content/dam/ricsglobal/documents/standards/valuation_global_standards_2017_jurisdiction_guide_usa_rics.pdf
_zView free on RICS.org
942 _n0
_2ddc
999 _c121529
_d121529